Personnalités difficiles ou dangereuses au travail (Record no. 61965)
[ view plain ]
| 000 -LEADER | |
|---|---|
| fixed length control field | 00755nam a22002177a 4500 |
| 005 - DATE AND TIME OF LATEST TRANSACTION | |
| control field | 20210514113624.0 |
| 008 - FIXED-LENGTH DATA ELEMENTS--GENERAL INFORMATION | |
| fixed length control field | 210514b ||||| |||| 00| 0 eng d |
| 020 ## - INTERNATIONAL STANDARD BOOK NUMBER | |
| International Standard Book Number | 978-2-294-72825-9 |
| 040 ## - CATALOGING SOURCE | |
| Original cataloging agency | BUAC |
| Transcribing agency | BUC |
| 041 ## - LANGUAGE CODE | |
| Language code of text/sound track or separate title | Fre. |
| 100 ## - MAIN ENTRY--PERSONAL NAME | |
| Personal name | Guinchard, Roland |
| 245 ## - TITLE STATEMENT | |
| Title | Personnalités difficiles ou dangereuses au travail |
| Remainder of title | Identifier les comortements et gérer les troubles |
| Statement of responsibility, etc | /par Roland Guinchard |
| 260 ## - PUBLICATION, DISTRIBUTION, ETC. (IMPRINT) | |
| Place of publication, distribution, etc | Issy-les Moulineaux cedex : |
| Name of publisher, distributor, etc | Elsevier Mason, |
| Date of publication, distribution, etc | 2013 |
| 300 ## - PHYSICAL DESCRIPTION | |
| Extent | 188 p. |
| Other physical details | Couv. en coul.; |
| Dimensions | 21 cm. |
| 440 ## - SERIES STATEMENT/ADDED ENTRY--TITLE | |
| Title | ( Pratiques en Psychothéraphie Santé Psy et Travail) |
| 500 ## - GENERAL NOTE | |
| General note | Index. p |
| 630 ## - SUBJECT ADDED ENTRY--UNIFORM TITLE | |
| Uniform title | PHILOSOPHIE PSYCHOLOGIE |
| 650 ## - SUBJECT ADDED ENTRY--TOPICAL TERM | |
| Topical term or geographic name as entry element | PSYCHOLOGIE |
| 651 ## - SUBJECT ADDED ENTRY--GEOGRAPHIC NAME | |
| Geographic name | Psychologie : personnalité : travail |
| 942 ## - ADDED ENTRY ELEMENTS (KOHA) | |
| Source of classification or shelving scheme | Dewey Decimal Classification |
| Item type | Libre Accès |
| Withdrawn status | Lost status | Source of classification or shelving scheme | Damaged status | Not for loan | Location (home branch) | Sublocation or collection (holding branch) | Shelving location | Date acquired | Source of acquisition | Coded location qualifier | Koha issues (times borrowed) | Koha full call number | Piece designation (barcode) | Koha date last seen | Copy number | Price effective from | Koha item type |
|---|---|---|---|---|---|---|---|---|---|---|---|---|---|---|---|---|---|
| Dewey Decimal Classification | Bibliothèque Universitaire Centrale | Bibliothèque Universitaire Centrale | 14/05/2021 | DON ARES | 21/0113 | 159.9 : 331 GUI | 21-0113Buc | 14/05/2021 | 1 | 14/05/2021 | Libre Accès |